Inovácia ubytovacieho zariadenia Horský Hotel diplomová práca

Gespeichert in:
Bibliographische Detailangaben
1. Verfasser: Antalík, Miroslav
Körperschaft: Obchodná fakulta EU. Katedra služieb a cestovného ruchu - zrušené
Weitere Verfasser: Staňo, Roman
Format: Buch
Sprache:Slowakisch
Veröffentlicht: Bratislava 2014
Tags: Tag hinzufügen
Keine Tags, Fügen Sie das erste Tag hinzu!

MARC

LEADER 00000nbm a2200000 4500
001 0186030
005 20170201094443.7
041 0 |a slo 
044 |a SK 
245 1 0 |a Inovácia ubytovacieho zariadenia Horský Hotel  |b diplomová práca  |c Miroslav Antalík ; školiteľ: Roman Staňo 
264 1 |a Bratislava  |c 2014 
300 |a 76 s. 
100 1 |a Antalík, Miroslav 
700 1 |a Staňo, Roman 
710 2 |a Obchodná fakulta EU. Katedra služieb a cestovného ruchu - zrušené